| 000 | 01557nam a2200385Ia 4500 | ||
|---|---|---|---|
| 999 |
_c6739 _d6739 |
||
| 003 | OSt | ||
| 005 | 20200703141931.0 | ||
| 008 | 130821s2012 ck ad gr spa | ||
| 040 |
_aCo-BoUCM _bspa _cCO-JMCR |
||
| 041 | 0 | _aspa | |
| 082 | 0 | 4 |
_223 _a330.9861 _bE182s |
| 100 | 1 |
_aEchavarría Olz̤aga, Hernán _d1911-2006. _eautor _96649 |
|
| 245 | 1 | 3 |
_aEl sentido común en la economía _cHernán Echavarría Olozaga |
| 260 |
_aBogotá : _bColegio de estudios superiores de Administración _c2012 |
||
| 300 |
_a331 páginas _bilustraciones a blanco y negro ; _c23 cm. |
||
| 505 | 0 | _aOrganización de la producción -- Formación de la renta nacional -- Distribución de la capacidad productora -- Los mercados del poder de compra Comercio exterior -- Los impuestos -- Elementos de desarrollo económico -- Problemas de la intervención estatal -- Desarrollo industrial | |
| 521 | _aGeneral. | ||
| 650 | 0 | 4 |
_aDesarrollo econm̤ico _912956 |
| 650 | 1 | 4 |
_aEconomía marxista _913702 |
| 650 | 2 | 4 |
_aEconomía _9174 |
| 650 | 2 | 4 |
_aEmpleos _914090 |
| 650 | 2 | 4 |
_aEmpresas privadas _914135 |
| 650 | 2 | 4 |
_aEmpresas privadas _zColombia _914135 |
| 650 | 2 | 4 |
_aImpuestos _917233 |
| 650 | 2 | 4 |
_aImpuestos _zColombia _917233 |
| 650 | 2 | 4 |
_aIntervencin̤ del estado _zColombia _917913 |
| 650 | 2 | 4 |
_aMacroeconoma̕ _918838 |
| 650 | 2 | 4 |
_aMercadeo _919305 |
| 650 | 2 | 4 |
_aMicroeconomía _919488 |
| 650 | 2 | 4 |
_aProducción _922424 |
| 650 | 2 | 4 |
_aRecursos humanos _923217 |
| 650 | 2 | 4 |
_aRecursos humanos _zColombia _923217 |
| 650 | 2 | 4 |
_aSistemas económicos _924652 |
| 942 |
_cBK _2ddc |
||